书目信息 |
| 题名: |
玩转三十六计
|
|
| 作者: | 韩冬 著 | |
| 分册: | ||
| 出版信息: | 西安 陕西师范大学出版社 2005.04 |
|
| 页数: | 309页 | |
| 开本: | 23cm | |
| 丛书名: | ||
| 单 册: | ||
| 中图分类: | E892-49 | |
| 科图分类: | ||
| 主题词: | 兵法--bing fa--中国--古代 | |
| 电子资源: | ||
| ISBN: | 7-5613-2915-6 | |
| 000 | 00802nam0 2200229 450 | |
| 001 | 012006575922 | |
| 005 | 20060927154104.07 | |
| 010 | @a7-5613-2915-6@dCNY24.00 | |
| 100 | @a20060903d2005 km y0chiy0120 ea | |
| 101 | 0 | @achi |
| 102 | @aCN@b610000 | |
| 105 | @aa z 000yy | |
| 200 | 1 | @a玩转三十六计@Awan zhuan san shi liu ji@f韩冬著@Fhan dong zhu |
| 210 | @a西安@c陕西师范大学出版社@d2005.04 | |
| 215 | @a309页@c图@d23cm | |
| 330 | @a本书是一本关于战争谋略、商场征战、待人处事的经典之作,同时它又是一本融合现代创作元素的鸿篇巨制。内容包括胜战计、敌战计、攻战计、混战计、并战计、败战计等。 | |
| 605 | @a三十六计@Asan shi liu ji@j通俗读物 | |
| 606 | 0 | @a兵法@Abing fa@y中国@z古代 |
| 690 | @aE892-49@v4 | |
| 701 | 0 | @a韩冬@Ahan dong@4著 |
| 801 | 0 | @aCN@c20060927 |
| 905 | @a10447@dE892-49@eH072 | |
| 玩转三十六计/韩冬著.-西安:陕西师范大学出版社,2005.04 |
| 309页:图;23cm |
| ISBN 7-5613-2915-6:CNY24.00 |
| 本书是一本关于战争谋略、商场征战、待人处事的经典之作,同时它又是一本融合现代创作元素的鸿篇巨制。内容包括胜战计、敌战计、攻战计、混战计、并战计、败战计等。 |
| ● |
| 相关链接 |
|
|
|
正题名:玩转三十六计
索取号:E892-49/H072
 
预约/预借
| 序号 | 登录号 | 条形码 | 馆藏地/架位号 | 状态 | 备注 |
| 1 | 221447 | 202214479 | 社科库509/509社科库 123排1列6层/ [索取号:E892-49/H072] | 在馆 | |
| 2 | 221448 | 202214488 | 社科库509/509社科库 123排1列6层/ [索取号:E892-49/H072] | 在馆 |